History Quiz

Random History or Quote Quiz

Milton Friedman or Karl Marx? Quiz Stats

 Plays Quiz not verified by Sporcle

Challenge
Share
Tweet
Embed
Score 0/20 Timer 08:00
0 Plays Today
Quotation Friedman or Marx? % Correct
The worker...only feels himself outside his work, and in his work feels outside himself. ???
85.9%
From each according to his abilities, to each according to his needs.???
85.1%
The philosophers have only interpreted the world, in various ways. The point, however, is to change it.???
84.9%
I think the government solution to a problem is usually as bad as the problem.???
84.4%
According to my values system, if people want to kill themselves, they have every right to do so.???
82.2%
Underlying most arguments against the free market is a lack of belief in freedom itself.???
81.2%
The worker is not a capitalist, although he brings a commodity to market, namely himself.???
78.5%
Society doesn't have values. People have values.???
74.8%
Government is necessary to preserve our freedom, it is an instrument through which we can exercise our freedom.???
72.7%
A specter is haunting Europe; the specter of Communism.???
69.5%
Quotation Friedman or Marx? % Correct
The country is the collection of individuals who compose it, not something over and above them.???
67.9%
Economists share the error of examining surplus-value not as such, in its pure form, but in the particular forms of profit and rent.???
67.4%
The businessman — self-selected or appointed directly or indirectly by stockholders — is to be simultaneously legislator, executive and, jurist.???
62.6%
With some notable exceptions, businessmen favor free enterprise in general but are opposed to it when it comes to themselves.???
62.1%
History is nothing but the actions of men in pursuit of their ends. ???
61.8%
All forms of the state have democracy for their truth, and for that reason are false to the extent that they are not democracy.???
55.7%
The way to Hell is paved with good intentions, and [a man] might just as easily have intended to make money, without producing at all.???
49.1%
It is appropriate for some to require others to contribute to a general social purpose whether they wish to or not.???
45.4%
There is enormous inertia—a tyranny of the status quo—in private and especially governmental arrangements. Only a crisis...produces real change.???
44.6%
[Free market] process is so complicated that it offers ever so many occasions for running abnormally. ???
40.8%

You're not logged in!

Compare scores with friends on all Sporcle quizzes.
OR
Log In

You Might Also Like...

Show Comments

Extras

Top Quizzes Today


Score Distribution

Your Account Isn't Verified!

In order to create a playlist on Sporcle, you need to verify the email address you used during registration. Go to your Sporcle Settings to finish the process.

Report this User

Report this user for behavior that violates our Community Guidelines.

Details: